• 首页
  • 本馆介绍
  • 公告通知
  • 最新文献
  • 馆藏检索
  • 电子资源
  • 读者导购
  • 参考咨询
  • 我的图书馆
  • 登录
  • 详细信息显示
  • 放入我的书架
  • 预约/预借图书
  • 作者相关作品
  • 分类相关作品
  • 丛书相关作品
  • 出版社相关作品

书目信息

  • 表格格式
  • 工作单格式
  • 卡片格式
题名:
幽默的力量
    
 
作者: 特鲁 著 ;蔡静澜 编译
分册:  
出版信息: 上海   上海翻译出版公司  1988.6
页数: 122页
开本: 19厘米
丛书名: 海浪丛书
单 册:
中图分类: C912.1
科图分类: 59.88
主题词: 幽默(美学)--作用-人间交往 , 人间交往-幽默(美学)--作用
电子资源:
ISBN: 7-80514-219-X
000 00851nam2 2200289 45
001 0189011595
005 20070727143251.48
010    @a7-80514-219-X@dCNY1.25
020    @aCN@b89011595
100    @a19910105d1988 m y0chiy0120 ea
101 1  @achi@ceng
102    @aCN@b310000
105    @ay z 000dy
200 10 @a幽默的力量@Ayou mo de li liang@f(美)特 鲁著@F( mei ) te lu zhu@g蔡静澜编译
210    @a上海@c上海翻译出版公司@d1988.6
215    @a122页@d19厘米
225 2  @a海浪丛书@f蔡漪澜主编
410  0 @120010@a海浪丛书
540 1  @a幽默 力量@Ayou mo li liang
606    @a幽默(美学)@x作用-人间交往
606    @a人间交往-幽默(美学)@x作用
690    @aC912.1@v1980
692    @a59.88@v1974
701  0 @a特鲁@Ate lu@4著
702  0 @a蔡静澜@Acai jing lan@4编译
801  0 @aCN@bTSSF@c20070727
905    @a10447@dC912.1@e616
    
    幽默的力量/(美)特 鲁著/蔡静澜编译.-上海:上海翻译出版公司,1988.6
    122页;19厘米.-(海浪丛书/蔡漪澜主编)
    
    
    ISBN 7-80514-219-X:CNY1.25
    
●
相关链接 在E读中查询图书 在五车中查询图书 在当当中查询图书 在豆瓣中查询图书


正题名:幽默的力量     索取号:C912.1/616         预约/预借

序号 登录号 条形码 馆藏地/架位号 状态 备注
1 0782392   207823925   第一样本阅览室/ [索取号:C912.1/616] 在馆    
唐山师范学院图书馆 欢迎您!
大连网信软件有限公司© 版权所有